00586cam a22002051a 4500001001300000003000400013005001700017008004100034010001700075035002000092040002200112042001200134050003000146100001800176245006200194260003800256300002400294651004500318999001700363sa 68010471 DLC20260227112552.0831212s1967 ii 000 1 eng  asa 68010471  a(OCoLC)10211195 aDLCcIUdTxUdDLC apremarc00aPZ4.B7112bNeaPR6052.O571 aBond, Ruskin.14aThe neighbour's wife and other stories /cby Ruskin Bond. a[Madras] :bHigginbothams,c1967. avii, 205 p.c19 cm. 0aIndiaxSocial life and customsvFiction. c83402d83402